<The> World almanac and book of facts 2002
Na minha lista:
| Formato: | Livro |
|---|---|
| Idioma: | inglês |
| Publicado em: |
New York
World Almanac Books
2002
|
| Assuntos: | |
| Tags: |
Sem tags, seja o primeiro a adicionar uma tag!
|
MARC
| LEADER | 00000nam a2200000 4500 | ||
|---|---|---|---|
| 001 | c140350 | ||
| 005 | 20230314080610.3 | ||
| 020 | |a 0-88687-872-1 | ||
| 022 | |a 0084-1382 | ||
| 041 | 0 | |a eng | |
| 044 | |a US | ||
| 245 | 1 | 0 | |a <The> World almanac and book of facts 2002 |
| 264 | 1 | |a New York |b World Almanac Books |c 2002 | |
| 300 | |a 1008 s. | ||
| 610 | 2 | 0 | |a informácie sociálno-ekonomické |
| 610 | 2 | 0 | |a USA |
| 610 | 2 | 0 | |a demografia |
| 610 | 2 | 0 | |a geografia |